Posibilidades de desarrollo de la industria de fertilizantes en Centroamérica
Guardado en:
| 主要作者: | |
|---|---|
| 格式: | Texto |
| 出版: |
s.n.t. :
|
| 主題: | |
| 標簽: |
添加標簽
沒有標簽, 成為第一個標記此記錄!
|
MARC
| LEADER | 00000 a a2200000 04500 | ||
|---|---|---|---|
| 001 | 15885 | ||
| 003 | |||
| 040 | |||
| 090 | |a 015100 | ||
| 100 | |a Guerra Borges, Alfredo | ||
| 245 | |a Posibilidades de desarrollo de la industria de fertilizantes en Centroamérica | ||
| 260 | |a s.n.t. : | ||
| 300 | |a 5 p. | ||
| 650 | |a INDUSTRIA DE ABONOS Y FERTILIZANTES | ||
| 999 | |c 14022 |d 14022 | ||
